[Event "Collado Villalba op 40th"]
[Site "Collado Villalba"]
[Date "2023.08.22"]
[Round "1"]
[White "Anton Ortiz, Carlos"]
[Black "Garcia Galeote, Lorenzo"]
[Result "1-0"]
[WhiteElo "1676"]
[BlackElo "1895"]
[PlyCount "79"]
[EventDate "2023.08.22"]
[EventType "swiss"]
[EventRounds "9"]
[EventCountry "ESP"]
[SourceTitle "EXT 2024"]
[Source "ChessBase"]
[SourceDate "2023.10.10"]
[SourceVersion "1"]
[SourceVersionDate "2023.10.10"]
[SourceQuality "1"]

1. d4 e6 2. c4 f5 3. Nf3 Nf6 4. g3 b6 5. Bg2 Bb7 6. 0-0 Be7 7. Bf4 0-0 8. Nc3 Ne4 9. Nb5 Na6 10. Nd2 g5 11. Nxe4 Bxe4 12. f3 Bb7 13. Bd2 c6 14. Nc3 Bf6 15. Be1 d5 16. cxd5 exd5 17. Bf2 Qd7 18. e4 dxe4 19. fxe4 Rad8 20. e5 Bg7 21. Qb3+ Kh8 22. e6 Qd6 23. d5 Rfe8 24. dxc6 Bxc6 25. Rad1 Qc7 26. Rxd8 Rxd8 27. e7 Re8 28. Bxc6 Qxc6 29. Qf7 Qg6 30. Qc4 Nb8 31. Re1 Qc6 32. Qd3 Qd7 33. Qc4 Rxe7 34. Rd1 Qe8 35. Nd5 Rd7 36. Bd4 Qd8 37. Bxg7+ Rxg7 38. Ne3 Qe7 39. Nxf5 Qf7 40. Rd8+ 1-0

[Event "Madrid-ch Previa A"]
[Site "Madrid"]
[Date "2023.02.14"]
[Round "5.9"]
[White "Metola Arias, Mario"]
[Black "Garcia Galeote, Lorenzo"]
[Result "0-1"]
[WhiteElo "1498"]
[BlackElo "1900"]
[PlyCount "70"]
[EventDate "2023.02.06"]
[EventType "swiss"]
[EventRounds "9"]
[EventCountry "ESP"]
[SourceTitle "EXT 2024"]
[Source "ChessBase"]
[SourceDate "2023.10.10"]
[SourceVersion "1"]
[SourceVersionDate "2023.10.10"]
[SourceQuality "1"]

1. e4 Nc6 2. d4 d5 3. Nc3 Nf6 4. e5 Nd7 5. Nxd5 Ndb8 6. Nc3 Qxd4 7. Qxd4 Nxd4 8. Bd3 Bf5 9. Bxf5 Nxf5 10. Nge2 Nc6 11. Bf4 0-0-0 12. Rd1 Rxd1+ 13. Kxd1 e6 14. Kc1 Be7 15. g4 Nfd4 16. Nxd4 Nxd4 17. Be3 Nf3 18. Bf4 g5 19. Bg3 h5 20. h3 hxg4 21. Ne2 gxh3 22. Ng1 Nxg1 23. Rxg1 g4 24. Bh2 Bc5 25. Rxg4 Bxf2 26. Rg7 Be3+ 27. Kd1 Rd8+ 28. Ke2 Rd2+ 29. Kxe3 Rxh2 30. Rxf7 Rxc2 31. Rh7 h2 32. Kf3 Rxb2 33. Kg4 Rxa2 34. Kg5 Rf2 35. Kg6 b5 0-1

[Event "Collado Villalba op 39th"]
[Site "Collado Villalba"]
[Date "2022.08.25"]
[Round "6"]
[White "Bermejo Sevillano, Alberto"]
[Black "Garcia Galeote, Lorenzo"]
[Result "0-1"]
[WhiteElo "1591"]
[BlackElo "1857"]
[PlyCount "146"]
[EventDate "2022.08.20"]
[EventType "swiss"]
[EventRounds "9"]
[EventCountry "ESP"]
[SourceTitle "EXT 2023"]
[Source "ChessBase"]
[SourceDate "2022.10.05"]
[SourceVersion "1"]
[SourceVersionDate "2022.10.05"]
[SourceQuality "1"]

1. e4 d5 2. e5 Nc6 3. Nf3 Bg4 4. d4 f6 5. Bb5 fxe5 6. dxe5 Qd7 7. Nc3 0-0-0 8. Bxc6 Qxc6 9. Qd4 Bxf3 10. gxf3 a6 11. Be3 e6 12. 0-0-0 b6 13. Qa4 Qxa4 14. Nxa4 Kb7 15. Nc3 c5 16. Ne4 Re8 17. Ng5 Re7 18. c3 h6 19. Nh3 g5 20. Rhg1 Rg7 21. Rg4 Ne7 22. Rdg1 Rhg8 23. f4 Nc6 24. R1g2 gxf4 25. Rxg7+ Rxg7 26. Rxg7+ Bxg7 27. Nxf4 d4 28. Bd2 dxc3 29. bxc3 Bxe5 30. Nxe6 Bxh2 31. Bxh6 Ne5 32. f4 Nf7 33. Bg5 Kc6 34. Kd1 Kd5 35. Nc7+ Kc4 36. Nxa6 Kxc3 37. Kc1 Nxg5 38. fxg5 Bf4+ 39. Kb1 Bxg5 40. Nc7 Kc4 41. Kc2 b5 42. Ne6 Be3 43. Nc7 Bd4 44. Ne6 Kd5 45. Nc7+ Kc6 46. Ne6 Be3 47. Nd8+ Kb6 48. Ne6 Bh6 49. Nd8 Bg7 50. Ne6 Be5 51. Ng5 b4 52. Nf7 Bf4 53. Nd8 Kb5 54. Ne6 Be5 55. Ng5 Ka4 56. Ne4 c4 57. Nd2 Kb5 58. Ne4 Bf4 59. Nf6 Kc6 60. Ne4 Be5 61. Nd2 Kd5 62. Nf3 Bf4 63. Ng1 Ke4 64. Ne2 Ke3 65. Nc1 Kf2 66. a4 Ke3 67. a5 Bc7 68. a6 Bb6 69. Kb2 Kd2 70. Na2 b3 71. Nb4 Bd4+ 72. Kb1 c3 73. Na2 c2# 0-1

[Event "La Roda op 48th"]
[Site "La Roda"]
[Date "2022.04.14"]
[Round "3"]
[White "Bernal Moro, Luis Javier"]
[Black "Garcia Galeote, Lorenzo"]
[Result "1-0"]
[WhiteElo "2415"]
[BlackElo "1877"]
[PlyCount "55"]
[EventDate "2022.04.13"]
[EventType "swiss"]
[EventRounds "9"]
[EventCountry "ESP"]
[SourceTitle "CBM 207 Extra"]
[Source "ChessBase"]
[SourceDate "2022.05.31"]
[SourceVersion "1"]
[SourceVersionDate "2022.05.31"]
[SourceQuality "1"]

1. Nf3 g6 2. c4 Bg7 3. d4 d6 4. Nc3 Nc6 5. g3 e5 6. dxe5 Nxe5 7. Nxe5 Bxe5 8. Bg2 Bg7 9. 0-0 Nf6 10. b3 0-0 11. Bb2 c6 12. Qd2 Qe7 13. Rad1 Rd8 14. e4 Bg4 15. f3 Be6 16. Kh1 Qc7 17. f4 Bg4 18. Rc1 Qd7 19. f5 gxf5 20. h3 fxe4 21. Rxf6 Bxf6 22. Nxe4 Bxb2 23. Qxb2 Qe6 24. Nf6+ Kf8 25. Nxg4 Ke7 26. Qf2 Kd7 27. Nf6+ Kc7 28. Re1 1-0

[Event "Madrid San Viator op-A 31st"]
[Site "Madrid"]
[Date "2019.09.15"]
[Round "2"]
[White "Ramos Isasi, Jose Luis"]
[Black "Garcia Galeote, Lorenzo"]
[Result "0-1"]
[WhiteElo "1767"]
[BlackElo "1873"]
[PlyCount "62"]
[EventDate "2019.09.08"]
[EventType "swiss"]
[EventRounds "9"]
[EventCountry "ESP"]
[SourceTitle "EXT 2022"]
[Source "ChessBase"]
[SourceDate "2021.10.06"]
[SourceVersion "1"]
[SourceVersionDate "2021.10.06"]
[SourceQuality "1"]

1. d4 Nc6 2. Nf3 d6 3. e4 Nf6 4. Nc3 Bg4 5. Be2 g6 6. h3 Bxf3 7. Bxf3 Bg7 8. Be3 0-0 9. Qd2 e5 10. d5 Nd4 11. Bg4 c6 12. Bg5 h6 13. Be3 Kh7 14. 0-0-0 cxd5 15. exd5 Qa5 16. Bf3 Rac8 17. Kb1 Nd7 18. Bxd4 exd4 19. Ne4 Qb6 20. Be2 f5 21. Ng3 Nc5 22. Bc4 Ne4 23. Nxe4 Rxc4 24. Qe2 Rb4 25. b3 fxe4 26. Qxe4 Rxf2 27. h4 d3 28. Qxd3 Qd4 29. Qxd4 Rxd4 30. Rxd4 Bxd4 31. g4 Rg2 0-1

[Event "Collado Villalba op-A 36th"]
[Site "Collado Villalba"]
[Date "2019.08.24"]
[Round "2"]
[White "Pastor Alonso de Prado, Emilio Alberto"]
[Black "Garcia Galeote, Lorenzo"]
[Result "1-0"]
[WhiteElo "2032"]
[BlackElo "1849"]
[PlyCount "105"]
[EventDate "2019.08.23"]
[EventType "swiss"]
[EventRounds "9"]
[EventCountry "ESP"]
[SourceTitle "CBM 192 Extra"]
[Source "Chessbase"]
[SourceDate "2019.11.06"]
[SourceVersion "1"]
[SourceVersionDate "2019.11.06"]
[SourceQuality "1"]

1. e4 Nc6 2. Nc3 Nf6 3. Nf3 d6 4. d4 g6 5. h3 Bg7 6. Bf4 0-0 7. Qd2 a6 8. d5 Nb8 9. 0-0-0 c6 10. Bh6 b5 11. a3 Qa5 12. Bxg7 Kxg7 13. e5 dxe5 14. Nxe5 b4 15. axb4 Qa1+ 16. Nb1 Nxd5 17. Nxc6 Nxc6 18. Qxd5 Rd8 19. Qxc6 Rxd1+ 20. Kxd1 Qxb1+ 21. Kd2 Bf5 22. Bd3 Qxh1 23. Qxa8 Bxd3 24. Kxd3 Qf1+ 25. Kc3 e5 26. Qf3 Qe1+ 27. Kb3 Qd2 28. g4 h6 29. Qe3 Qd6 30. c4 f5 31. gxf5 gxf5 32. b5 axb5 33. cxb5 Qd5+ 34. Kb4 f4 35. Qc3 Qd6+ 36. Ka5 Qd8+ 37. b6 Qd5+ 38. Kb4 Kg6 39. Qc5 Qd2+ 40. Ka3 Qd3+ 41. Ka2 e4 42. Qc6+ Kg5 43. b7 Qd8 44. Qxe4 Qa5+ 45. Kb1 Qc7 46. Qb4 Qb8 47. Qb6 h5 48. Qc5+ Kh4 49. Qc8 Qd6 50. b8Q Qd3+ 51. Qc2 Qf1+ 52. Ka2 Qa6+ 53. Kb3 1-0

[Event "Madrid-ch sf"]
[Site "Madrid"]
[Date "2019.05.10"]
[Round "5"]
[White "Garcia Galeote, Lorenzo"]
[Black "Vinas Lopez, Carlos"]
[Result "1/2-1/2"]
[WhiteElo "1873"]
[BlackElo "1884"]
[PlyCount "45"]
[EventDate "2019.05.06"]
[EventType "swiss"]
[EventRounds "9"]
[EventCountry "ESP"]
[SourceTitle "CBM 190 Extra"]
[Source "ChessBase"]
[SourceDate "2019.07.15"]
[SourceVersion "1"]
[SourceVersionDate "2019.07.15"]
[SourceQuality "1"]

1. d4 Nf6 2. Nf3 c5 3. e3 b6 4. Bd3 Bb7 5. 0-0 g6 6. b3 Bg7 7. Bb2 0-0 8. c4 cxd4 9. exd4 d5 10. Nc3 Nc6 11. cxd5 Nxd5 12. Nxd5 Qxd5 13. Bc4 Qd6 14. Qe2 e6 15. Rad1 Ne7 16. Ng5 Rad8 17. Rfe1 Nf5 18. d5 Bxd5 19. Ne4 Qe7 20. Bxg7 Nxg7 21. Bxd5 exd5 22. Nc3 Qc5 23. Qf3 1/2-1/2

[Event "Madrid-ch Previa-A"]
[Site "Madrid"]
[Date "2019.02.12"]
[Round "5"]
[White "Gueler Berdasco, Martin"]
[Black "Garcia Galeote, Lorenzo"]
[Result "1-0"]
[WhiteElo "1904"]
[BlackElo "1855"]
[PlyCount "169"]
[EventDate "2019.02.04"]
[EventType "swiss"]
[EventRounds "9"]
[EventCountry "ESP"]
[SourceTitle "EXT 2021"]
[Source "ChessBase"]
[SourceDate "2020.10.23"]
[SourceVersion "1"]
[SourceVersionDate "2020.10.23"]
[SourceQuality "1"]

1. c4 g6 2. g3 Bg7 3. Bg2 d6 4. d4 Nc6 5. Nf3 e5 6. dxe5 dxe5 7. Qxd8+ Nxd8 8. Nc3 Ne7 9. Nb5 Ne6 10. Ng5 0-0 11. Nxe6 fxe6 12. Nxc7 Rb8 13. Nb5 Nc6 14. 0-0 a6 15. Nd6 Nd4 16. e3 Nf3+ 17. Bxf3 Rxf3 18. Kg2 Rf8 19. Nxc8 Rbxc8 20. b3 e4 21. Rb1 Rfd8 22. Bb2 Rd2 23. Bxg7 Kxg7 24. Rfd1 Rxa2 25. Rd7+ Kh6 26. Rxb7 Rf8 27. Rf1 g5 28. Rb6 Rf6 29. c5 a5 30. c6 Rc2 31. Ra6 Rc3 32. Rxa5 Rxc6 33. Ra2 Rf5 34. Rb2 Rb5 35. b4 Rc4 36. Rfb1 Kg6 37. Rb3 g4 38. Rd1 Rc2 39. Rbb1 Rf5 40. Rf1 Rb5 41. Rbc1 Rxc1 42. Rxc1 Rxb4 43. Rc6 Kf6 44. Rc7 h6 45. h3 gxh3+ 46. Kxh3 Rb2 47. Kg2 Rb5 48. Rc8 e5 49. g4 Rb4 50. Kg3 Ra4 51. Rb8 Kg6 52. Rb5 Kf6 53. Kh4 Ra2 54. Rb6+ Kf7 55. Kg3 Kg7 56. Rb4 Kf6 57. Rxe4 Ra5 58. Rb4 Ra6 59. Rb8 Kg6 60. Rf8 Re6 61. Kf3 h5 62. gxh5+ Kxh5 63. Rf5+ Kg6 64. Ke4 Ra6 65. Rxe5 Ra4+ 66. Kd5 Kf6 67. f4 Ra6 68. Ke4 Ra4+ 69. Kf3 Ra3 70. Rb5 Rc3 71. Rb4 Ra3 72. Rb6+ Kf5 73. Rb5+ Kf6 74. Rc5 Rb3 75. f5 Rb1 76. Kf4 Rb4+ 77. e4 Ra4 78. Rb5 Rc4 79. Rb6+ Ke7 80. f6+ Kf7 81. Kf5 Rc1 82. Rb7+ Kf8 83. Rd7 Ke8 84. Ke6 Re1 85. f7+ 1-0